|
|
|
|
| LEADER |
00000cam a2200000 7i4500 |
| 001 |
0000035419 |
| 005 |
20130417.0 |
| 008 |
130417 |
| 020 |
|
|
|a 9839119923
|
| 090 |
0 |
0 |
|a 363.739
|b UDA
|
| 245 |
1 |
0 |
|a Udara bersih untuk bandar kita
|
| 260 |
|
|
|a Putrajaya :
|b Department of Environment ,
|c 2006
|
| 650 |
|
0 |
|a Air population
|x Juvenile literature
|
| 650 |
|
0 |
|a Air quality management
|x Juvenile literature
|
| 650 |
|
0 |
|a Air quality
|x Juvenile literature
|
| 710 |
0 |
|
|a Department of Environment Ministry of Natural Resources & Environment
|
| 999 |
|
|
|a 0001206826
|b Book
|c Adult Collection
|e Perbadanan Perpustakaan Awam Johor
|